书目信息 |
| 题名: |
地理信息系统软件工程的原理与方法
|
|
| 作者: | 毕硕本 , 王桥 , 徐秀华 编著 | |
| 分册: | ||
| 出版信息: | 北京 科学出版社 2003.07 |
|
| 页数: | 648页 | |
| 开本: | 26cm | |
| 丛书名: | ||
| 单 册: | ||
| 中图分类: | P , P208 | |
| 科图分类: | ||
| 主题词: | 测绘学 , 测量学 | |
| 电子资源: | ||
| ISBN: | 7-03-011191-5 | |
| 000 | 00750nam0 2200241 45 | |
| 001 | 0331389627 | |
| 005 | 2003040308430958 | |
| 010 | @a7-03-011191-5@dCNY 52.00 | |
| 100 | @a20030403d2003 km y0chiy0120 ea | |
| 101 | 0 | @achi |
| 102 | @aCN@b110000 | |
| 200 | 1 | @a地理信息系统软件工程的原理与方法@Adi li xin xi xi tong ruan jian gong cheng de yuan li yu fang fa@f毕硕本,王桥,徐秀华编著@Fbi shuo ben,wang qiao,xu xiu hua bian zhu |
| 210 | @a北京@c科学出版社@d2003.07 | |
| 215 | @a648页@d26cm | |
| 606 | 0 | @a测绘学 |
| 606 | 0 | @a测量学 |
| 690 | @aP@v3 | |
| 690 | 1 | @aP208@v4 |
| 701 | 0 | @a毕硕本@Abi shuo ben@4编著 |
| 701 | 0 | @a王桥@Awang qiao@4编著 |
| 701 | 0 | @a徐秀华@Axu xiu hua@4编著 |
| 801 | 0 | @aCN@bPFT@c20030403 |
| 905 | @a10447@dP208@eB762 | |
| 地理信息系统软件工程的原理与方法/毕硕本,王桥,徐秀华编著.-北京:科学出版社,2003.07 |
| 648页;26cm |
| ISBN 7-03-011191-5:CNY 52.00 |
| ● |
| 相关链接 |
|
|
|
正题名:地理信息系统软件工程的原理与方法
索取号:P208/B762
 
预约/预借
| 序号 | 登录号 | 条形码 | 馆藏地/架位号 | 状态 | 备注 |
| 1 | 385446 | 203854463 | 社科二线400B/400B社科库 32排1列3层/ [索取号:P208/B762] | 在馆 | |
| 2 | 385447 | 203854472 | 自科库401/401自科库 114排2列3层/ [索取号:P208/B762] | 在馆 |